[Event "DEN-ch Jr op"]
[Site "Haderslev"]
[Date "1981.06.??"]
[Round "5"]
[White "Kirkmeester, Heiko"]
[Black "Holmsgaard, Henrik"]
[Result "1-0"]
[WhiteElo "2225"]
[BlackElo "2101"]
[PlyCount "121"]

1. d4 Nf6 2. c4 e6 3. g3 d5 4. Bg2 dxc4 5. Nf3 c5 6. O-O Nc6 7. Qa4 Bd7 8. dxc5
Ne5 9. Qc2 Nxf3+ 10. Bxf3 Qc8 11. Nd2 Bxc5 12. Qxc4 b5 13. Qc3 Rb8 14. Nb3 Be7
15. Qd4 Rb6 16. Bf4 Qc4 17. Rfc1 Qxd4 18. Nxd4 Bd6 19. Nc6 Bxf4 20. gxf4 Bxc6
21. Rxc6 Rxc6 22. Bxc6+ Ke7 23. Bxb5 Rb8 24. a4 Nd5 25. Rc1 Rb7 26. e3 Nc7 27.
Be2 Kd6 28. Rc2 Rb4 29. Bd1 Na6 30. b3 Nc5 31. Kg2 a5 32. Rc3 f6 33. Bc2 h6 34.
Kg3 e5 35. fxe5+ fxe5 36. f3 Kd5 37. Bg6 Kd6 38. Bf7 Rb7 39. Bc4 Rb4 40. h4 Ke7
41. e4 Kd6 42. Kg4 Rb8 43. Kf5 Rf8+ 44. Kg6 Rf4 45. h5 Rh4 46. Bf7 Rh3 47. Kxg7
Nxe4 48. Rd3+ Kc7 49. Rd5 Rxf3 50. Rxe5 Nd6 51. Bd5 Rf2 52. Kxh6 Nf5+ 53. Kg5
Ng3 54. Kg4 Ne2 55. h6 Kd6 56. Rh5 Rf4+ 57. Kg5 Kxd5 58. Rh2 Re4 59. h7 Re5+
60. Kf6 Re8 61. Rxe2 1-0

[Event "DEN-ch Jr op"]
[Site "Haderslev"]
[Date "1981.06.??"]
[Round "5"]
[White "Andresen, Jesper"]
[Black "Iversen, Jorgen"]
[Result "1/2-1/2"]
[WhiteElo "1919"]
[BlackElo "2005"]

1. c4 e5 2. Nc3 f5 3. d4 e4 4. Nh3 Nf6 5. Bg5 Bb4 6. e3 O-O 7. Nf4 c6
8. Qb3 Bxc3+ 9. bxc3 h6 10. Bxf6 Qxf6 11. c5+ Kh8 12. h4 d6 13. cxd6
Qxd6 14. Bc4 Kh7 15. Rh3 b5 16. Bf7 a5 17. Bg6+ Kh8 18. Bh5 Rf6 19. Rg3
Be6 20. Nxe6 Rxe6 21. Rb1 Na6 22. Rh3 Re7 23. Be2 Rb7 24. Kd2 b4 25. c4
c5 26. d5 Nc7 27. a4 Ne8 28. Kc2 Qf6 29. g3 Nd6 30. Rhh1 Kg8 31. Rhg1
Kf8 32. Rh1 Ke7 33. Rh2 Kd7 34. Rhh1 Rg8 35. Rh2 g6 36. Rhh1 Kc8 37.
Rh2 Rf7 38. Rbh1 Kc7 39. Qb2 Qxb2+ 40. Kxb2 Nc8 41. Bd1 Nb6 42. Bb3 Kd6
43. Kc2 Rgf8 44. Kd2 Nd7 45. Rh3 Ne5 46. Ke2 Rh7 47. R3h2 Rfh8 48. Rh3
Ng4 49. Ke1 Nf6 50. Kd2 g5 51. Ke2 f4 52. gxf4 gxf4 53. Rg1 f3+ 54. Ke1
Rg8 55. Rxg8 Nxg8 56. Rg3 Nf6 57. Kf1 Ke7 58. Kg1 Kf7 59. Kh2 Rg7 60.
Rxg7+ Kxg7 61. Kg3 Kf7 62. Kf4 h5 63. Bc2 Ng4 64. Kxe4 Nxf2+ 65. Kxf3
Ng4 66. Kf4 Kf6 67. e4 Ne5 68. Bb3 Ng6+ 69. Kg3 Ne5 70. Kf4 Ng6+ 71.
Kg3 Ne5 72. Kf2 Ng6 73. Kg3 1/2-1/2

[Event "DEN-ch Jr op"]
[Site "Haderslev"]
[Date "1981.06.??"]
[Round "5"]
[White "Bang, Peter"]
[Black "Fluckiger, Christian"]
[Result "0-1"]
[WhiteElo "1945"]
[BlackElo "2160"]
[WhiteElo "2290"]
[BlackElo "2200"]

1. d4 d5 2. c4 e6 3. Nc3 c5 4. Nf3 Nc6 5. cxd5 exd5 6. g3 Nf6 7. Bg2
Be7 8. O-O O-O 9. b3 Bg4 10. Bb2 Rc8 11. Qd2 Ne4 12. Nxe4 dxe4 13. Ne1
Nxd4 14. f3 exf3 15. exf3 Bf5 16. g4 Be6 17. Rd1 Qb6 18. Kh1 Rfd8 19.
Nd3 c4 0-1

[Event "DEN-ch Jr op"]
[Site "Haderslev"]
[Date "1981.06.??"]
[Round "5"]
[White "Caspersen, Jes"]
[Black "Fransson, Peter"]
[Result "0-1"]
[WhiteElo "1907"]
[BlackElo "2181"]

1. e4 c5 2. Nf3 d6 3. Bb5+ Nd7 4. O-O Ngf6 5. Re1 e6 6. c3 Be7 7. d4
O-O 8. Bf4 Qb6 9. Bxd7 Bxd7 10. b3 d5 11. e5 Ne4 12. Be3 Rac8 13. Nfd2
Nxc3 14. Nxc3 cxd4 15. Nc4 dxc4 16. Bxd4 Qa5 17. Re3 Bc6 18. Rh3 Rfd8
19. Qh5 h6 20. Ne2 cxb3 21. Rxb3 Qd2 22. Rb2 Qd3 23. Rb3 Qe4 24. f3
Qxe2 0-1

[Event "DEN-ch Jr op"]
[Site "Haderslev"]
[Date "1981.06.??"]
[Round "5"]
[White "Jelling, Erik"]
[Black "Norgaard, Jesper"]
[Result "0-1"]
[WhiteElo "2084"]
[BlackElo "2244"]

1. e4 e5 2. Nf3 Nc6 3. c3 Nf6 4. d4 Nxe4 5. d5 Nb8 6. Bd3 Nc5 7. Nxe5
Nxd3+ 8. Nxd3 d6 9. Qf3 Be7 10. Be3 O-O 11. O-O Nd7 12. Nd2 Ne5 13. Qe2
Bf5 14. Ne1 Re8 15. f4 Ng4 16. h3 Nxe3 17. Qxe3 h5 18. Qf2 Bf6 19. Nef3
Qd7 20. Nd4 Be4 21. c4 c5 22. dxc6 bxc6 23. Nxe4 Rxe4 24. Nf3 Rxc4 25.
Rad1 d5 26. Ne5 Bxe5 27. fxe5 Re8 28. Qe2 Qc7 29. Qxh5 Rxe5 30. Qf3
Rce4 31. Rd2 f6 32. b3 a5 33. Rc2 a4 34. Qc3 axb3 35. axb3 Re6 36. Rd2
Qe5 37. Rd3 Re2 38. Rf2 Re1+ 39. Rf1 Re2 40. Rf2 Re1+ 41. Rf1 Re4 42.
Rdf3 Re2 43. Qd3 Qb2 44. Rg3 Qc2 45. Qxc2 Rxc2 46. Rff3 Kf7 47. Kh2 Re4
48. Rd3 g5 49. Rd1 Ke6 50. Rb1 Ree2 51. Rf1 Rf2 52. Re1+ Rce2 53. Re3+
Rxe3 54. Rxe3+ Kd6 55. Kg3 Rf4 0-1

[Event "DEN-ch Jr op"]
[Site "Haderslev"]
[Date "1981.06.??"]
[Round "5"]
[White "Light, Bjarne"]
[Black "Christensen, Jan Schleicher"]
[Result "0-1"]
[WhiteElo "1904"]
[BlackElo "2019"]

1. e4 e5 2. Nf3 Nc6 3. d4 exd4 4. Bc4 Bc5 5. Ng5 Nh6 6. Nxf7 Nxf7 7.
Bxf7+ Kxf7 8. Qh5+ g6 9. Qd5+ Kg7 10. Qxc5 Re8 11. O-O Rxe4 12. Nd2 Re5
13. Qa3 d6 14. Nf3 Ra5 15. Qb3 Qf6 16. Bd2 Ra6 17. Bg5 Qf5 18. Rfe1 Rb6
19. Qc4 Rb4 20. Qe2 Bd7 21. Qd2 Kg8 22. Bh6 Rc4 23. Re2 d3 24. cxd3 Rg4
25. Ng5 Ne5 26. f3 Rd4 27. Re4 Rxd3 28. Qc2 Bc6 29. Rxe5 dxe5 30. Qc4+
Bd5 31. Qxc7 Bf7 32. Rc1 Rad8 33. g4 Qf4 34. Rf1 R3d7 35. Qc3 Rd2 36.
Rf2 Rxf2 37. Kxf2 Qxh2+ 38. Ke3 Qxh6 0-1

[Event "DEN-ch Jr op"]
[Site "Haderslev"]
[Date "1981.06.??"]
[Round "5"]
[White "Nielsen, Lars"]
[Black "Madsen, John"]
[Result "0-1"]
[WhiteElo "2037"]
[BlackElo "2023"]

1. e4 c5 2. d4 cxd4 3. c3 dxc3 4. Nxc3 Nc6 5. Nf3 e6 6. Bc4 d6 7. O-O
Be7 8. Qe2 a6 9. Rd1 b5 10. Bb3 Qc7 11. Bf4 Nf6 12. Rac1 O-O 13. Nd5
exd5 14. exd5 Bg4 15. Rxc6 Qd7 16. Rdc1 Rfe8 17. Qd3 Bh5 18. Nd2 Bf8
19. f3 Bg6 20. Qd4 h6 21. Nf1 a5 22. a3 Rab8 23. Rc7 Qd8 24. Ng3 Nd7
25. R7c6 Nc5 26. Bc2 Bxc2 27. Rxc2 b4 28. Ne4 bxa3 29. bxa3 Rb1+ 30.
Kf2 Qh4+ 31. Bg3 Rxe4 32. fxe4 Nxe4+ 33. Kf3 Rf1+ 34. Bf2 f5 35. h3
Qg3+ 36. Ke2 Rxf2+ 37. Kd1 Rf1+ 38. Ke2 Qxg2+ 39. Kd3 Rd1+ 40. Kc4
Qxc2+ 41. Kb5 0-1

[Event "DEN-ch Jr op"]
[Site "Haderslev"]
[Date "1981.06.??"]
[Round "5"]
[White "Ochsner, Thomas"]
[Black "Hofmann, Michael"]
[Result "0-1"]
[WhiteElo "2029"]
[BlackElo "2061"]

1. e4 c5 2. c3 g6 3. d4 cxd4 4. cxd4 d5 5. exd5 Nf6 6. Nc3 Nxd5 7. Bc4
Nb6 8. Bb3 Bg7 9. Nf3 Nc6 10. Be3 O-O 11. h3 Na5 12. O-O Nxb3 13. Qxb3
Be6 14. Qc2 Rc8 15. Rfd1 Nd5 16. Qd2 Nxc3 17. bxc3 Qa5 18. Rdc1 Bc4
19. Bh6 Rc7 20. Bxg7 Kxg7 21. Ne5 Rfc8 22. Rc2 Qd5 23. Rac1 b5 24. Rb2
a6 25. Ra1 Qd6 26. Rc1 Qa3 27. h4 h5 28. Rbc2 Be6 29. f3 Bf5 30. Qf4 f6
31. g4 Bxc2 32. Rxc2 Rxc3 33. Rxc3 Qxc3 34. Nxg6 Qe1+ 0-1

[Event "DEN-ch Jr op"]
[Site "Haderslev"]
[Date "1981.06.??"]
[Round "5"]
[White "Prie, Erik"]
[Black "Agdestein, Espen"]
[Result "1-0"]
[WhiteElo "2160"]
[BlackElo "2100"]

1. Nf3 Nf6 2. c4 g6 3. Nc3 Bg7 4. e4 d6 5. d4 O-O 6. Be2 e5 7. O-O Nc6
8. d5 Ne7 9. Ne1 Nd7 10. f3 f5 11. g4 Kh8 12. Be3 Ng8 13. Qd2 a5 14.
Nd3 b6 15. b3 Nc5 16. Nxc5 bxc5 17. Kh1 Qh4 18. Bg5 Qh3 19. Rg1 Bh6
20. gxf5 Bxg5 21. Qxg5 Qh6 22. fxg6 hxg6 23. Qxh6+ Nxh6 24. Rxg6 Kh7
25. Rag1 Rf7 26. R6g3 Bd7 27. Kg2 Raf8 28. Kf2 Ng8 29. Ke3 Nf6 30. Rg5
Kh6 31. Nd1 Nh5 32. Rg8 Nf4 33. Rxf8 Rxf8 34. Nf2 Nh3 35. Nxh3 Bxh3
36. Rg3 Bd7 37. Bf1 Bc8 38. Bh3 Bxh3 39. Rxh3+ Kg6 40. Rh4 Re8 41. f4
exf4+ 42. Rxf4 Ra8 43. Rg4+ Kf6 44. Rh4 a4 45. Rh7 axb3 46. axb3 Rb8
47. Rxc7 Rxb3+ 48. Kf4 Rh3 49. e5+ dxe5+ 50. Kg4 Rxh2 51. Rc6+ Ke7 52.
Rxc5 Rf2 53. Rc7+ Kd6 54. Rc6+ Kd7 55. c5 Rf4+ 56. Kg5 Rc4 57. Kf5 e4
58. Kf4 e3+ 59. Kxe3 Rc1 60. Kd4 Rc2 61. Rh6 Rd2+ 62. Ke4 1-0

[Event "DEN-ch Jr op"]
[Site "Haderslev"]
[Date "1981.06.??"]
[Round "5"]
[White "Rasmussen, Karsten"]
[Black "Zielinski, Marek"]
[Result "1-0"]
[WhiteElo "2250"]
[BlackElo "2125"]

1. e4 e5 2. Nf3 Nc6 3. d4 exd4 4. Nxd4 Bc5 5. Nxc6 Qf6 6. f4 Qxc6 7.
Nc3 Ne7 8. Bb5 Qb6 9. Qe2 a6 10. Bc4 O-O 11. Bd2 Qf6 12. e5 Qc6 13. Ne4
d5 14. exd6 Bxd6 15. O-O-O Bf5 16. Nxd6 cxd6 17. Bc3 Rfe8 18. Bd4 Rac8
19. Bb3 Nd5 20. Qd2 a5 21. Bxg7 Ne3 22. Bc3 Nxd1 23. Rxd1 Qe4 24. Qxd6
Qe3+ 25. Kb1 Rxc3 26. bxc3 b5 27. Qc7 Re7 28. Qxa5 Qe2 29. Qd8+ Kg7
30. Qd4+ Kg8 31. Qd8+ Kg7 32. Kb2 Qe3 33. Qd4+ Kg6 34. Qxe3 Rxe3 35.
Rd6+ f6 36. Rd5 Re2 37. Rxb5 Rxg2 38. a4 Rxh2 39. a5 Re2 40. a6 Re8
41. Bd5 Bd7 42. Rb7 Rd8 43. a7 Bc8 44. a8=Q 1-0

[Event "DEN-ch Jr op"]
[Site "Haderslev"]
[Date "1981.06.??"]
[Round "5"]
[White "Rewitz, Poul"]
[Black "Ray, Dennis"]
[Result "0-1"]
[WhiteElo "2007"]
[BlackElo "2126"]

1. c3 b6 2. e4 Bb7 3. e5 e6 4. Qa4 Qg5 5. f4 Qh4+ 6. Kd1 Nh6 7. Nf3 Qg4
8. Be2 Nf5 9. Ne1 Qg6 10. Rg1 Bc6 11. Qc2 Qh6 12. Nf3 Qxf4 13. d3 Ne3+
14. Bxe3 Qxe3 15. Qd2 Qf2 16. Qe1 Qxe1+ 17. Nxe1 d6 18. exd6 Bxd6 19.
h3 Nd7 20. Nd2 Rd8 21. Kc2 Bb7 22. Bf3 Bxf3 23. Nexf3 c5 24. Ne4 Bb8
25. a4 Ke7 26. Rae1 Nf6 27. Nxf6 gxf6 28. Nd2 Rhg8 29. g4 Rg6 30. Ne4
Rdg8 31. Ng3 Kd7 32. Nh5 Be5 33. Rgf1 Ke7 34. Rf3 Rd8 35. Ref1 h6 36.
R1f2 a6 37. Rf1 b5 38. axb5 axb5 39. Ra1 Rd7 40. Ra5 Rb7 41. Re3 Rg5
42. Ra8 Bb8 43. Ng3 Bxg3 44. Rxg3 f5 45. Rh8 h5 46. Rxh5 Rxh5 47. gxh5
Rb8 48. d4 c4 49. Kd2 Rh8 50. Rg5 Rh7 51. Ke3 f6 52. Rg3 Rxh5 53. Kf4
Rh4+ 54. Kf3 e5 55. Rg7+ Kd6 56. Kg3 Rh6 57. Rb7 Kc6 58. Re7 exd4 59.
cxd4 b4 60. Ra7 b3 61. Ra5 f4+ 62. Kh2 Rg6 63. Rf5 f3 64. Rxf3 Kd5 65.
Rf4 c3 66. bxc3 b2 67. Rf1 Kc4 68. d5 f5 69. Rf4+ Kxc3 70. Rf3+ Kc2
71. Rf2+ Kb3 72. Rf3+ Ka2 0-1

[Event "DEN-ch Jr op"]
[Site "Haderslev"]
[Date "1981.06.??"]
[Round "5"]
[White "Sorensen, Torben N"]
[Black "Nielsen, Jan"]
[Result "1-0"]
[WhiteElo "1952"]
[BlackElo "2023"]

1. d4 e6 2. c4 Nf6 3. Nc3 c5 4. Nf3 cxd4 5. Nxd4 Bb4 6. Ndb5 O-O 7. Bf4
Nc6 8. a3 Bxc3+ 9. Nxc3 d5 10. cxd5 exd5 11. e3 d4 12. exd4 Nxd4 13.
Be3 Re8 14. Nb5 Nxb5 15. Qxd8 Rxd8 16. Bxb5 Nd5 17. Bg5 f6 18. Bh4 Bg4
19. O-O Rac8 20. Rac1 Nc7 21. Ba4 Be6 22. Bg3 Na6 23. Rfd1 Rxd1+ 24.
Rxd1 Nc5 25. Bc2 Bb3 26. Rd2 Bxc2 27. Rxc2 Rd8 28. f3 Ne6 29. Be1 Kf7
30. Rd2 Rxd2 31. Bxd2 b5 32. Kf2 f5 33. Ke3 Ke7 34. Kd3 Kd6 35. Be3 a6
36. Kc3 Nd8 37. Bd4 g6 38. Bf6 Nc6 39. Kd3 Kd5 40. h4 f4 41. Kc3 Ke6
42. Bd4 Kd5 43. Bb6 Ke5 44. Bc7+ Kf5 45. Bd6 h6 46. Bf8 g5 47. h5 g4
48. fxg4+ Kxg4 49. Bxh6 Ne7 50. Kb4 Nf5 51. Bxf4 Kxf4 52. Ka5 Kg5 53.
Kxa6 Nd6 54. g4 Nc4 55. Kxb5 Nxb2 56. a4 Nd1 57. a5 Nc3+ 58. Kc6 1-0

[Event "DEN-ch Jr op"]
[Site "Haderslev"]
[Date "1981.06.??"]
[Round "5"]
[White "Winants, Luc"]
[Black "Lutz, Richard"]
[Result "1/2-1/2"]
[WhiteElo "2138"]
[BlackElo "2160"]

1. e4 d6 2. d4 Nf6 3. Nc3 g6 4. Bg5 h6 5. Bh4 Bg7 6. f4 c5 7. e5 Nh5
8. dxc5 Nxf4 9. cxd6 g5 10. Bg3 Bxe5 11. Bxf4 gxf4 12. dxe7 Qxe7 13.
Qe2 Bg4 14. Nf3 Bxf3 15. gxf3 Qh4+ 16. Qf2 Qxf2+ 17. Kxf2 Bd4+ 18. Kg2
Rg8+ 19. Kh3 Bxc3 20. Bb5+ 1/2-1/2

[Event "DEN-ch Jr op"]
[Site "Haderslev"]
[Date "1981.06.??"]
[Round "5"]
[White "Windelboe, Werner"]
[Black "Danielsen, Henrik"]
[Result "0-1"]
[WhiteElo "1982"]
[BlackElo "2075"]

1. Nf3 f5 2. g3 Nf6 3. Bg2 g6 4. c4 Bg7 5. Nc3 d6 6. d3 O-O 7. O-O Nc6
8. Rb1 e5 9. b4 Bd7 10. b5 Ne7 11. a4 Qc8 12. Ba3 Re8 13. Nd2 Be6 14.
a5 Rb8 15. b6 axb6 16. axb6 c5 17. Nb5 Rd8 18. Nb3 Nc6 19. Na7 Nxa7
20. bxa7 Ra8 21. Nxc5 dxc5 22. Bxb7 Qc7 23. Bxa8 Qxa7 24. Bxc5 Qxc5
25. Bg2 h5 26. Rb5 Qd4 27. Qa1 Qxa1 28. Rxa1 e4 29. Ra3 exd3 30. exd3
Ng4 31. c5 Bd4 32. c6 Rc8 33. Ra4 Bxf2+ 34. Kf1 Re8 35. Rb1 Bc5 36. c7
Bc4 37. dxc4 Nxh2# 0-1

[Event "DEN-ch Jr op"]
[Site "Haderslev"]
[Date "1981.06.??"]
[Round "6"]
[White "Agdestein, Espen"]
[Black "Winants, Luc"]
[Result "1/2-1/2"]
[WhiteElo "2100"]
[BlackElo "2138"]

1. d4 Nf6 2. Nf3 c5 3. c4 cxd4 4. Nxd4 e6 5. Nc3 Bb4 6. Bd2 O-O 7. a3
Bc5 8. Bg5 Nc6 9. e3 h6 10. Bxf6 Qxf6 11. Ne4 Qe7 12. Nxc5 Qxc5 13. Nb5
d5 14. cxd5 exd5 15. Be2 1/2-1/2

[Event "DEN-ch Jr op"]
[Site "Haderslev"]
[Date "1981.06.??"]
[Round "6"]
[White "Bang, Peter"]
[Black "Ochsner, Thomas"]
[Result "1/2-1/2"]
[WhiteElo "1945"]
[BlackElo "2029"]
[WhiteElo "2290"]
[BlackElo "2200"]

1. d4 Nf6 2. Bg5 d5 3. Nc3 Nbd7 4. f3 c6 5. e4 dxe4 6. fxe4 Qa5 7. Qd2
e5 8. dxe5 Ng4 9. e6 fxe6 10. Be2 Ngf6 11. Nf3 Bb4 12. Bd3 O-O 13. O-O
Ne5 14. Nxe5 Qxe5 15. Bf4 Qa5 16. a3 Bxc3 17. Qxc3 Qxc3 18. bxc3
1/2-1/2

[Event "DEN-ch Jr op"]
[Site "Haderslev"]
[Date "1981.06.??"]
[Round "6"]
[White "Christensen, Jan Schleicher"]
[Black "Holmsgaard, Henrik"]
[Result "1/2-1/2"]
[WhiteElo "2019"]
[BlackElo "2101"]

1. e4 c5 2. Nf3 d6 3. d4 cxd4 4. Nxd4 Nf6 5. Nc3 a6 6. Bg5 Nc6 7. Qd2
e6 8. O-O-O Bd7 9. Bc4 b5 10. Bxb5 axb5 11. Ndxb5 Nb4 12. Kb1 Bxb5 13.
Bxf6 Qa5 14. Qg5 e5 15. Bxe5 Nxa2 16. Nxa2 Qxa2+ 17. Kc1 Qc4 18. b3 Qc6
19. Bb2 Rc8 20. Rd2 h6 21. Qg3 h5 22. f4 Rh6 23. Re1 Re6 24. e5 dxe5
25. f5 Bb4 26. c3 Re7 27. Qxg7 Bd6 28. Red1 Rd7 29. Qg8+ Ke7 30. Qg5+
Ke8 31. Qg8+ Ke7 32. Qg5+ Ke8 1/2-1/2

[Event "DEN-ch Jr op"]
[Site "Haderslev"]
[Date "1981.06.??"]
[Round "6"]
[White "Danielsen, Henrik"]
[Black "Caspersen, Jes"]
[Result "0-1"]
[WhiteElo "2075"]
[BlackElo "1907"]

1. c4 e5 2. Nc3 Nf6 3. Nf3 Nc6 4. d3 Bb4 5. Bd2 d6 6. e3 O-O 7. Be2 Bg4
8. O-O Qc8 9. a3 Bxc3 10. Bxc3 Re8 11. Nd2 Bxe2 12. Qxe2 d5 13. cxd5
Nxd5 14. Nc4 Nxc3 15. bxc3 Qe6 16. Rab1 b6 17. e4 Rad8 18. a4 a6 19.
Qc2 Qd7 20. Rbd1 b5 21. axb5 axb5 22. Ne3 Rb8 23. Rb1 Red8 24. Rfd1 g6
25. Nd5 Kg7 26. Rb2 Ne7 27. Ne3 c5 28. Qb1 f6 29. Rb3 Rb7 30. Qb2 Rdb8
31. h3 Nc6 32. Qc1 Qe6 33. Rb2 Ra7 34. Qb1 Rab7 35. Rf1 b4 36. Rc1 b3
37. Nc4 Rb5 38. Qa1 R5b7 39. Rd1 Ra7 40. Qc1 Na5 41. Ne3 Nc6 42. Qd2
Na5 43. Ra1 Raa8 44. Rbb1 Qb6 45. Qb2 Qb5 46. c4 Qd7 47. Nd5 Ra7 48.
Ra3 Qd8 49. Rba1 Rba8 50. f4 exf4 51. e5 fxe5 52. Qxe5+ Kh6 53. Qxf4+
Qg5 54. Qf2 Qe5 55. Qd2+ Qg5 56. Qc3 Qd8 57. Re1 Rb8 58. Raa1 Rbb7 59.
Re4 Ra6 60. Ne3 b2 61. Rb1 g5 62. Ng4+ Kh5 63. Ne5 Qb8 64. Qd2 Nc6 65.
Qe2+ Kh6 66. Ng4+ Kg7 67. Qe3 Qd8 68. Qxc5 Qb6 69. Qxb6 Rbxb6 70. Kf2
h5 71. Nh2 Nb4 72. Ke2 Nc2 73. Kd2 Na3 74. Ree1 Nxb1+ 75. Rxb1 Ra1 76.
Kc2 Rxb1 77. Kxb1 Rd6 78. Nf3 0-1

[Event "DEN-ch Jr op"]
[Site "Haderslev"]
[Date "1981.06.??"]
[Round "6"]
[White "Fluckiger, Christian"]
[Black "Hofmann, Michael"]
[Result "1/2-1/2"]
[WhiteElo "2160"]
[BlackElo "2061"]

1. e4 c5 2. g3 g6 3. Bg2 Bg7 4. Ne2 Nc6 5. O-O e6 6. c3 Nge7 7. d4 cxd4
8. cxd4 d5 9. Nbc3 O-O 10. exd5 Nxd5 11. Nxd5 exd5 12. Be3 Bg4 13. h3
Bxe2 14. Qxe2 Nxd4 15. Bxd4 Bxd4 1/2-1/2

[Event "DEN-ch Jr op"]
[Site "Haderslev"]
[Date "1981.06.??"]
[Round "6"]
[White "Iversen, Jorgen"]
[Black "Light, Bjarne"]
[Result "0-1"]
[WhiteElo "2005"]
[BlackElo "1904"]

1. e4 c5 2. Nf3 d6 3. d4 cxd4 4. Nxd4 Nf6 5. Nc3 a6 6. Bg5 e6 7. f4 Be7
8. Qd2 Qc7 9. O-O-O Nbd7 10. Be2 b5 11. Bf3 Bb7 12. Rhe1 O-O 13. e5
dxe5 14. fxe5 Nxe5 15. Rxe5 Qxe5 16. Bf4 Qc5 17. Bxb7 Rad8 18. Be3 Qc7
19. Bxa6 b4 20. Ncb5 Qa5 0-1

[Event "DEN-ch Jr op"]
[Site "Haderslev"]
[Date "1981.06.??"]
[Round "6"]
[White "Jelling, Erik"]
[Black "Sorensen, Torben N"]
[Result "1/2-1/2"]
[WhiteElo "2084"]
[BlackElo "1952"]

1. e4 c5 2. c3 Nf6 3. e5 Nd5 4. d4 cxd4 5. cxd4 b6 6. Nf3 e6 7. Nc3
Nxc3 8. bxc3 Qc7 9. Bb2 d6 10. Bd3 Nd7 11. exd6 Bxd6 12. Qe2 Bb7 13.
O-O O-O 14. h3 e5 15. Nxe5 Nxe5 16. dxe5 Bxe5 17. Rfd1 Rfe8 18. Qg4 Qc6
19. Bf1 Bc8 20. Qh4 Be6 21. Bd3 g6 22. Be4 Qc4 23. g3 Rac8 24. Re1 Bxc3
25. Rac1 Qb4 26. Rxc3 Rxc3 27. Re2 Qc4 28. Qf6 Qxe2 29. Bxc3 Qd1+ 30.
Kh2 Kf8 1/2-1/2

[Event "DEN-ch Jr op"]
[Site "Haderslev"]
[Date "1981.06.??"]
[Round "6"]
[White "Madsen, John"]
[Black "Lutz, Richard"]
[Result "0-1"]
[WhiteElo "2023"]
[BlackElo "2160"]

1. e4 g6 2. d4 Bg7 3. Nc3 d6 4. f4 c6 5. Nf3 Bg4 6. Be2 Qb6 7. e5 Nh6
8. Ne4 Nf5 9. c3 c5 10. dxc5 dxc5 11. Nf2 Bxf3 12. Bxf3 Nc6 13. O-O h5
14. Qe2 O-O 15. Kh1 f6 16. exf6 Rxf6 17. Bd5+ Kh7 18. Ne4 Raf8 19. Ng5+
Kh8 20. g4 hxg4 21. Qxg4 Nd8 22. Rf3 Bh6 23. Rh3 Kg7 24. Be3 Qd6 25.
Be4 Nxe3 26. Rxe3 Rxf4 27. Qg2 Bxg5 28. Qxg5 Nf7 29. Qg2 Rh8 30. Rd3
Qf6 31. Rf3 Rxf3 32. Bxf3 b6 33. Rf1 Ng5 34. Bd5 Qe5 35. Rg1 Rh5 36.
Bb3 Qe4 37. Qxe4 Nxe4 38. Re1 Re5 39. Kg2 Kf6 40. Bc2 Rg5+ 41. Kf3 Nd2+
42. Kf2 Rh5 43. Kg2 Rxh2+ 44. Kxh2 Nf3+ 45. Kg3 Nxe1 46. Be4 c4 47. b3
Nd3 48. bxc4 Ne5 49. Kf4 Nxc4 50. Bd3 Nd6 51. Be2 e5+ 52. Kg4 Ne4 53.
c4 Nc3 0-1

[Event "DEN-ch Jr op"]
[Site "Haderslev"]
[Date "1981.06.??"]
[Round "6"]
[White "Nielsen, Jan"]
[Black "Windelboe, Werner"]
[Result "1/2-1/2"]
[WhiteElo "2023"]
[BlackElo "1982"]

1. e4 c6 2. d4 d5 3. exd5 cxd5 4. c4 Nf6 5. Nc3 e6 6. Bg5 Bb4 7. Nf3
dxc4 8. Bxc4 Qc7 9. Qe2 Nbd7 10. O-O O-O 11. Rac1 Qb8 12. Ne5 a6 13.
Nxf7 Kxf7 14. Qxe6+ Kg6 15. f4 Ne5 16. Qxe5 Qxe5 17. dxe5 Ng4 18. Bd3+
Bf5 19. Bxf5+ Kxf5 20. Nd5 Bd2 21. Rcd1 Be3+ 22. Nxe3+ Nxe3 23. h3 Nxd1
24. Rxd1 h6 25. Be7 Rfe8 26. Bd6 Kxf4 27. e6+ Kf5 28. e7 Rac8 29. Rd2
Ke6 30. a4 Rxe7 31. Bxe7 Kxe7 32. Kf2 Rc4 33. b3 Rc3 34. b4 Rc4 35. Rb2
Kd6 36. Ke3 Kd5 37. Kd3 g5 38. a5 Rd4+ 39. Ke3 Rd1 40. Rc2 Rb1 41. Rc5+
Kd6 42. Rc4 Rb2 43. Rg4 Kc6 44. Kd3 1/2-1/2

[Event "DEN-ch Jr op"]
[Site "Haderslev"]
[Date "1981.06.??"]
[Round "6"]
[White "Nielsen, Lars"]
[Black "Andresen, Jesper"]
[Result "1-0"]
[WhiteElo "2037"]
[BlackElo "1919"]

1. e4 c5 2. Nc3 Nc6 3. g3 g6 4. Bg2 Bg7 5. d3 d6 6. f4 e6 7. Nf3 Nge7
8. O-O O-O 9. Be3 b6 10. Qd2 Bb7 11. Rab1 Nd4 12. Ne2 Nxe2+ 13. Qxe2
Nc6 14. c3 Rc8 15. Ng5 Ne7 16. g4 h6 17. f5 exf5 18. gxf5 gxf5 19. exf5
Bxg2 20. Qxg2 hxg5 21. f6 Bxf6 22. Rxf6 Ng6 23. Bxg5 Qd7 24. Bh6 Rfe8
25. Rbf1 Re5 26. Rxf7 Qxf7 27. Rxf7 Kxf7 28. Qb7+ 1-0

[Event "DEN-ch Jr op"]
[Site "Haderslev"]
[Date "1981.06.??"]
[Round "6"]
[White "Prie, Erik"]
[Black "Rasmussen, Karsten"]
[Result "1-0"]
[WhiteElo "2160"]
[BlackElo "2250"]

1. Nf3 Nf6 2. c4 d6 3. d4 g6 4. Nc3 Bg7 5. e4 O-O 6. Be2 e5 7. O-O Nc6
8. d5 Ne7 9. Ne1 Nd7 10. f3 f5 11. g4 Nf6 12. Nd3 h6 13. h4 c6 14. Nf2
a6 15. b4 cxd5 16. cxd5 fxg4 17. fxg4 Qb6 18. Na4 Qxb4 19. Qb3 Qxb3
20. axb3 Bd7 21. Nb6 Rad8 22. g5 hxg5 23. hxg5 Nh5 24. Nxd7 Rxd7 25.
Bg4 Rdd8 26. Be3 Nf4 27. Rfc1 Rfe8 28. Ra5 Ra8 29. Nh3 Nc8 30. Rc7 b6
31. Ra2 b5 32. Rac2 Ne7 33. Nxf4 exf4 34. Be6+ Kf8 35. Bxf4 Red8 36.
Rf2 Ke8 37. Be3 Rab8 38. Rxe7+ Kxe7 39. Rf7+ 1-0

[Event "DEN-ch Jr op"]
[Site "Haderslev"]
[Date "1981.06.??"]
[Round "6"]
[White "Ray, Dennis"]
[Black "Fransson, Peter"]
[Result "1/2-1/2"]
[WhiteElo "2126"]
[BlackElo "2181"]

1. e4 c5 2. b3 Nf6 3. d3 g6 4. Bb2 Bg7 5. Nf3 d6 6. Be2 O-O 7. O-O Nc6
8. Nbd2 e6 9. a4 d5 10. Qc1 b6 11. Ne5 Bb7 12. Nxc6 Bxc6 13. Bf3 Qc7
14. Re1 Rfe8 15. Nf1 d4 16. Nd2 Nd7 17. Nc4 a6 18. Qg5 b5 19. axb5 axb5
20. Nd2 Bf6 21. Qg3 Be5 22. Qh4 Bf6 23. Qg3 e5 24. h4 Nf8 25. Bg4 Qe7
26. h5 Reb8 27. Ba3 Ra7 28. Qf3 Bg5 29. Nf1 Rba8 30. Bb2 Ra2 31. Rxa2
Rxa2 32. Rb1 f5 33. Bh3 fxe4 34. dxe4 Qb7 35. Ng3 Qa7 36. hxg6 hxg6
37. Qg4 Bf4 38. Qc8 Bxg3 39. fxg3 Bxe4 40. Rf1 Qe7 41. Be6+ Kg7 42.
Rf7+ Qxf7 43. Bxf7 Kxf7 44. Qc7+ Ke6 45. Qb6+ Kf5 46. Qxc5 Rxb2 47.
Qxf8+ Ke6 48. Qe8+ Kd6 49. Qd8+ Ke6 50. Qb6+ Ke7 51. Qxb5 Kf6 52. Qb4
Rxc2 53. Qd6+ Kf5 54. g4+ Kf4 55. Qf6+ Ke3 56. Qg5+ Kd3 57. Qxe5 Rxg2+
58. Kf1 Rxg4 59. Qb5+ Ke3 1/2-1/2

[Event "DEN-ch Jr op"]
[Site "Haderslev"]
[Date "1981.06.??"]
[Round "6"]
[White "Schandorff, Lars"]
[Black "Kirkmeester, Heiko"]
[Result "1/2-1/2"]
[WhiteElo "2165"]
[BlackElo "2225"]

1. Nf3 Nf6 2. g3 e6 3. Bg2 d5 4. O-O Be7 5. d3 b6 6. Nbd2 Bb7 7. e4 c5
8. e5 Nfd7 9. Re1 Nc6 10. Nf1 Qc7 11. Bf4 h6 12. h4 O-O-O 13. Qc1 Ba6
14. a3 Rdg8 15. b4 cxb4 16. axb4 Nxb4 17. Bd2 Nb8 18. Nd4 Bc5 19. Ra4
Bxd4 20. Bxb4 Bc3 21. Bxc3 Qxc3 22. Qe3 Kb7 23. Rea1 Qxc2 24. Nd2 b5
25. R4a2 Qc7 1/2-1/2

[Event "DEN-ch Jr op"]
[Site "Haderslev"]
[Date "1981.06.??"]
[Round "6"]
[White "Watson, William"]
[Black "Norgaard, Jesper"]
[Result "1/2-1/2"]
[WhiteElo "2350"]
[BlackElo "2244"]

1. d4 Nf6 2. c4 c5 3. d5 e5 4. Nc3 d6 5. e4 Be7 6. Be2 O-O 7. Nf3 Nbd7
8. O-O Ne8 9. h3 g6 10. Bh6 Ng7 11. Qd2 Nf6 12. Ne1 Kh8 13. Nd3 Ng8
14. Be3 f5 15. f4 exf4 16. Bxf4 g5 17. Bh2 f4 18. h4 h6 19. Rae1 Bf6
20. Bd1 Bd4+ 21. Kh1 Qe7 22. Nb5 Be3 23. Qc3 Bd7 24. e5 Bxb5 25. exd6
Qf6 26. cxb5 Bd4 27. Qc4 Qxd6 28. b4 b6 29. bxc5 bxc5 30. Bg1 Bxg1 31.
Kxg1 Rf5 32. Qxc5 Qd8 33. Re5 Rc8 34. Qd4 Nf6 35. hxg5 hxg5 36. Bg4
Nxg4 37. Rxf5 Kg8 38. Re5 Qf6 39. Rfe1 Rc2 40. R5e4 Qh6 41. Re8+
1/2-1/2

[Event "DEN-ch Jr op"]
[Site "Haderslev"]
[Date "1981.06.??"]
[Round "6"]
[White "Zielinski, Marek"]
[Black "Rewitz, Poul"]
[Result "1-0"]
[WhiteElo "2125"]
[BlackElo "2007"]

1. e4 d5 2. exd5 Qxd5 3. Nc3 Qa5 4. d4 Nf6 5. Nf3 Bf5 6. Bd2 c6 7. Bc4
e6 8. O-O Bb4 9. a3 Bxc3 10. Bxc3 Qc7 11. Bd2 O-O 12. Qe2 Nbd7 13. Ne5
Qb6 14. Bb4 Rfd8 15. Be7 Re8 16. Bxf6 Nxf6 17. c3 Nd5 18. Rad1 Qd8 19.
Qh5 Qf6 20. Rfe1 Rad8 21. Qf3 Qg5 22. h3 Nf4 23. Kh2 h5 24. Qg3 Qh6
25. Nf3 Nd5 26. Qg5 Qh7 27. Qg3 Nf6 28. Ng5 Qg6 29. h4 Nd5 30. Bb3 Qf6
31. Ne4 Qe7 32. Ng5 Nf6 33. f3 Qd6 34. Qxd6 Rxd6 35. Nh3 Nd5 36. Nf2
Rd7 37. g4 Bg6 38. Kg3 Rde7 39. Nh3 f6 40. Ba2 Bf7 41. Re2 e5 42. Bxd5
Bxd5 43. Rde1 hxg4 44. fxg4 g6 45. dxe5 Rxe5 46. Rxe5 Rxe5 47. Rxe5
fxe5 48. Ng5 Kg7 49. Kf2 Kf6 50. Ke3 b6 51. b4 Bg2 52. c4 Bf1 53. c5
bxc5 54. Ne4+ Ke6 55. Nxc5+ Kd5 56. h5 gxh5 57. gxh5 Bh3 58. h6 Bf5
59. Nd7 e4 60. Nf6+ Kc4 61. Nxe4 Kb3 62. Nd6 Bh7 63. Kd4 Kxa3 64. Kc5
Ka4 65. Nb7 Be4 66. Na5 a6 67. Nxc6 Bg6 68. Nb8 a5 69. b5 Kb3 70. Nc6
1-0